• 首页
  • 本馆介绍
  • 公告通知
  • 最新文献
  • 馆藏检索
  • 电子资源
  • 读者导购
  • 参考咨询
  • 我的图书馆
  • 登录
  • 详细信息显示
  • 放入我的书架
  • 预约/预借图书
  • 作者相关作品
  • 分类相关作品
  • 丛书相关作品
  • 出版社相关作品

书目信息

  • 表格格式
  • 工作单格式
  • 卡片格式
题名:
建筑工程质量常见问题防治手册
    
 
作者: ;北京土木建筑学会 主编
分册:  
出版信息: 北京   冶金工业出版社  2016
页数: x, 266页
开本: 26cm
丛书名:
单 册:
中图分类: TU712.3-62 , TU712.3
科图分类:
主题词: 机电设备--ji dian she bei--建筑安装--工程质量--质量管理--技术手册
电子资源:
ISBN: 978-7-5024-7158-3
000 01125nam0 2200253 450
001 2353191096
005 20231212144643.22
010    @a978-7-5024-7158-3@dCNY49.00
100    @a20160412d2016 em y0chiy50 ea
101 0  @achi
102    @aCN@b110000
105    @aak a 000yy
200 1  @a建筑工程质量常见问题防治手册@Ajian zhu gong cheng zhi liang chang jian wen ti fang zhi shou ce@e机电安装工程@f主编单位北京土木建筑学会
210    @a北京@c冶金工业出版社@d2016
215    @ax, 266页@c图@d26cm
320    @a有书目 (第266页)
330    @a全书详细讲解了地基与基础工程、模板工程、钢筋工程、混凝土工程、砌体工程、钢结构工程、屋面工程、建筑节能工程等出现的质量常见问题。本书内容翔实、重点突出、处理措施规范正确, 极具前瞻性和参考借鉴价值, 对直接指导现场施工和质量问题控制, 有着很好的示范作用。
517 1  @a机电安装工程@Aji dian an zhuang gong cheng
606 0  @a机电设备@Aji dian she bei@x建筑安装@x工程质量@x质量管理@j技术手册
690    @aTU712.3-62@v5
690    @aTU712.3@v4
711 02 @a北京土木建筑学会@Abei jing tu mu jian zhu xue hui@4主编
801  0 @aCN@b湖北三新@c20160412
905    @aZUCC@dTU712.3@e18
    
    建筑工程质量常见问题防治手册:机电安装工程/主编单位北京土木建筑学会.-北京:冶金工业出版社,2016
    x, 266页:图;26cm
    
    
    ISBN 978-7-5024-7158-3:CNY49.00
    全书详细讲解了地基与基础工程、模板工程、钢筋工程、混凝土工程、砌体工程、钢结构工程、屋面工程、建筑节能工程等出现的质量常见问题。本书内容翔实、重点突出、处理措施规范正确, 极具前瞻性和参考借鉴价值, 对直接指导现场施工和质量问题控制, 有着很好的示范作用。
●
相关链接 在五车中查询图书 在当当中查询图书 在豆瓣中查询图书


正题名:建筑工程质量常见问题防治手册     索取号:TU712.3/18         预约/预借

序号 登录号 条形码 馆藏地/架位号 状态 备注
1 2001460346   2001460346   602书库/ [索取号:TU712.3/18] 在馆    
2 2001460347   2001460347   216-217主题书屋/216室1架2层4列/ [索取号:TU712.3/18] 在馆    
3 2001460348   2001460348   216-217主题书屋/216室1架2层4列/ [索取号:TU712.3/18] 在馆    
4 2001460349   2001460349   216-217主题书屋/216室1架2层4列/ [索取号:TU712.3/18] 在馆    
5 2001460350   2001460350   216-217主题书屋/216室1架2层4列/ [索取号:TU712.3/18] 在馆    
6 2001460351   2001460351   216-217主题书屋/216室1架2层4列/ [索取号:TU712.3/18] 在馆    
7 2001460352   2001460352   216-217主题书屋/216室1架2层4列/ [索取号:TU712.3/18] 在馆    
8 2001460353   2001460353   602书库/ [索取号:TU712.3/18] 在馆    
9 2001460354   2001460354   602书库/ [索取号:TU712.3/18] 在馆    
10 2001460355   2001460355   602书库/ [索取号:TU712.3/18] 在馆    
11 2001460356   2001460356   602书库/ [索取号:TU712.3/18] 在馆    
12 2001460357   2001460357   602书库/ [索取号:TU712.3/18] 在馆    
13 2001460358   2001460358   602书库/ [索取号:TU712.3/18] 在馆    
14 2001460359   2001460359   602书库/ [索取号:TU712.3/18] 在馆    
15 2001460360   2001460360   602书库/ [索取号:TU712.3/18] 在馆    
16 2001460361   2001460361   602书库/ [索取号:TU712.3/18] 在馆    
17 2001460362   2001460362   602书库/ [索取号:TU712.3/18] 在馆    
18 2001460363   2001460363   602书库/ [索取号:TU712.3/18] 在馆    
19 2001460364   2001460364   602书库/ [索取号:TU712.3/18] 在馆    
20 2001460365   2001460365   602书库/ [索取号:TU712.3/18] 在馆    
21 2001460366   2001460366   602书库/ [索取号:TU712.3/18] 在馆    
22 2001460367   2001460367   602书库/ [索取号:TU712.3/18] 在馆    
23 2001460368   2001460368   602书库/ [索取号:TU712.3/18] 在馆    
24 2001460369   2001460369   602书库/ [索取号:TU712.3/18] 在馆    
25 2001460370   2001460370   218书库/ [索取号:TU712.3/18] 在馆    
26 2001460371   2001460371   218书库/ [索取号:TU712.3/18] 在馆    
27 2001460372   2001460372   218书库/ [索取号:TU712.3/18] 在馆    
28 2001460373   2001460373   218书库/ [索取号:TU712.3/18] 在馆    
29 2001460374   2001460374   218书库/ [索取号:TU712.3/18] 在馆    
30 2001460375   2001460375   218书库/ [索取号:TU712.3/18] 在馆    
山东省滨州职业学院图书馆 欢迎您!
大连网信软件有限公司© 版权所有